Nommez une Capitale Mondiale A-Z - 30 secondes de sprint - Statistiques

Statistiques générales
  • Ce quiz a été pris 3 405 fois
  • Le résultat moyen est 8 sur 24
Statistiques - réponses
Lettre Capitale % Correct
B Berlin | Bruxelles | Brasilia | +22
84%
A Athènes | Amsterdam | Alger | +12
75%
P Paris | Pékin | Prague | +15
69%
L Londres | Lisbonne | Luxembourg | +12
49%
M Madrid | Moscou | Monaco | +16
48%
D Dublin | Damas | Dakar | +7
47%
C Copenhague | Canberra | Caracas | +3
45%
R Rome | Reykjavik | Riga | +3
35%
O Oslo | Ottawa | Oulan-Bator | Ouagadougou
30%
T Tokyo | Tunis | Tirana | +9
29%
E Erevan
26%
H Helsinki | Hanoi | Harare | Honiara
22%
W Washington | Wellington | Windhoek
22%
Z Zagreb
22%
K Kiev | Kaboul | Kingston | +8
21%
N New Delhi | Nicosie | Nairobi | +8
21%
S Sofia | Séoul | Stockholm | +15
21%
V Vienne | Vatican | Varsovie | +4
20%
J Jerusalem | Jakarta
19%
G Guatemala | Georgetown | Gaborone | Gitega
16%
Q Quito
15%
F Freetown | Funafuti
14%
I Islamabad
14%
Y Yaounde | Yamoussoukro | Yaren
10%
Aucun quiz correspondant
Distribution des résultats
% des personnes avec chaque résultat
Percentile par nombre de réponses
Votre historique - résultats
Vous n’avez pas pris ce quiz